| 000 | 00837nam a22002297a 4500 | ||
|---|---|---|---|
| 999 |
_c20487 _d20487 |
||
| 003 | AR-CdUCM | ||
| 008 | 190530b ||||| |||| 00| 0 spa d | ||
| 020 | _a84-505-4977-9 | ||
| 040 |
_aMUNICIPALIDAD PROVINCIAL DEL CUSCO _cBIBLIOTECA MUNICIPAL DEL CUSCO |
||
| 082 |
_a806.946 / _bR72 |
||
| 100 |
_aRoca Roca, Eduardo _942827 |
||
| 245 |
_aJavier de burgos, 1798 : _b(notas sobre un epistolario) / |
||
| 260 |
_aGranada : _bNtra. sra. de las angustias, _c1982 |
||
| 300 |
_a213 páginas ; _c23 cm. |
||
| 500 | _a[libro reempastado] | ||
| 505 | _aContenido: Consideración preliminar -- España Europa en en el año 1798 -- Javier de Burgos y su visión en la corte de 1798... | ||
| 650 |
_aEuropa en 1798 _942828 |
||
| 650 |
_aHistoria europea _916522 |
||
| 650 |
_aAntonio Pascual _942829 |
||
| 942 |
_2ddc _cLIBROS |
||
| 945 | _aAndy | ||